Industrial safety and health management / (رقم التسجيلة. 26441)
[ عرض عادي ]
| 000 -الفاتح | |
|---|---|
| حقل البيانات ثابتة الطول | 01900cam a22003974a 4500 |
| 001 - رقم الضبط | |
| رقم الضبط | 416215664 |
| 003 - محدد رقم الضبط | |
| رقم الضبط | OCoLC |
| 005 - وقت وتاريخ اخر تعامل مع التسجيلة | |
| رقم الضبط | 20150408114104.0 |
| 008 - عناصر البيانات ثابتة الطول - معلومات عامة | |
| حقل البيانات ثابتة الطول | 090619s2010 njua b 001 0 eng |
| 010 ## - رقم ضبط مكتبة الكونجرس | |
| رقم ضبط مكتبة الكونجرس | 2009025500 |
| 020 ## - الرقم الدولى المعيارى للكتب | |
| الرقم الدولى المعيارى للكتاب | 9780132368711 |
| 020 ## - الرقم الدولى المعيارى للكتب | |
| الرقم الدولى المعيارى للكتاب | 0132368714 |
| 020 ## - الرقم الدولى المعيارى للكتب | |
| الرقم الدولى المعيارى للكتاب | 9780132076500 (pbk., IE) |
| 020 ## - الرقم الدولى المعيارى للكتب | |
| الرقم الدولى المعيارى للكتاب | 0132076500 (pbk., IE) |
| 035 ## - رقم ضبط النظام | |
| رقم ضبط النظام | (OCoLC)416215664 |
| رقم الضبط الملغى والمتاح | (OCoLC)297146392 |
| 040 ## - مصدر الفهرسة | |
| وكالة الفهرسة الأصلية | DNLM/DLC |
| وكالة النسخ | DLC |
| وكالة التعديل | YDX |
| -- | BTCTA |
| -- | YDXCP |
| -- | NLM |
| -- | UBY |
| -- | IG# |
| -- | Y8N |
| -- | BDX |
| -- | DAY |
| 042 ## - رمز التحقق | |
| رمز التحقق | pcc |
| 050 00 - رقم طلب مكتبة الكونجرس | |
| رقم التصنيف | T55 |
| رقم المادة | .A83 2010 |
| 060 00 - رقم الطلب بالمكتبة الطبية الوطنية | |
| رقم التصنيف | 2011 J-249 |
| 060 10 - رقم الطلب بالمكتبة الطبية الوطنية | |
| رقم التصنيف | WA 400 |
| رقم المادة | A817i 2010 |
| 082 00 - رقم تصنيف ديوى العشرى | |
| رقم التصنيف | 613.62 |
| رقم الطبعة | 22 |
| رقم المادة | ACI |
| 100 1# - المدخل الرئيسى - إسم شخصى | |
| الإسم الشخصى | Asfahl, C. Ray, |
| التواريخ المصاحبة للاسم | 1938- |
| 9 (RLIN) | 18338 |
| 245 10 - بيان العنوان | |
| العنوان | Industrial safety and health management / |
| بيان المسئوليه,etc | C. Ray Asfahl, David W. Rieske. |
| 250 ## - بيان الطبعة | |
| بيان الطبعة | 6th ed. |
| 260 ## - PUBLICATION, DISTRIBUTION, ETC. (IMPRINT) | |
| مكان الناشر او الموزع | Upper Saddle River, N.J. : |
| اسم الناشر او الموزع | Prentice Hall, |
| تاريخ النشر أو التوزيع | c2010. |
| 300 ## - الوصف المادى | |
| التعداد | xi, 564 p. : |
| تفاصيل ماديه اخرى للوعاء | ill. ; |
| أبعاد الوعاء | 24 cm. |
| 504 ## - تبصرة ببليوجرافية | |
| تبصرة ببليوجرافية,الخ | Includes bibliographical references and index. |
| 505 0# - تبصرة محتويات-الفهرس | |
| تبصرة المحتويات المصاغة | The safety and health manager -- Development of the safety and health function -- Concepts of hazard avoidance -- Impact of federal regulation -- Information systems -- Process safety and disaster preparedness -- Buildings and facilities -- Ergonomics -- Health and toxic substances -- Environmental control and noise -- Flammable and explosive materials -- Personal protection and first aid -- Fire protection -- Materials handling and storage -- Machine guarding -- Welding -- Electrical hazards -- Construction. |
| 650 #0 - المدخل الاضافى بالموضوع-مصطلح موضوعى | |
| مصطلح موضوعي أو اسم جغرافي كعنصر مدخل | Industrial safety. |
| 9 (RLIN) | 18339 |
| 650 #0 - المدخل الاضافى بالموضوع-مصطلح موضوعى | |
| مصطلح موضوعي أو اسم جغرافي كعنصر مدخل | Industrial hygiene. |
| 9 (RLIN) | 18340 |
| 650 12 - المدخل الاضافى بالموضوع-مصطلح موضوعى | |
| مصطلح موضوعي أو اسم جغرافي كعنصر مدخل | Occupational Health Services |
| التقسيم الفرعي العام | organization & administration |
| التقسيم الفرعي الجغرافي | United States. |
| 9 (RLIN) | 18341 |
| 650 22 - المدخل الاضافى بالموضوع-مصطلح موضوعى | |
| مصطلح موضوعي أو اسم جغرافي كعنصر مدخل | Accidents, Occupational |
| التقسيم الفرعي العام | prevention & control |
| التقسيم الفرعي الجغرافي | United States. |
| 9 (RLIN) | 18342 |
| 650 22 - المدخل الاضافى بالموضوع-مصطلح موضوعى | |
| مصطلح موضوعي أو اسم جغرافي كعنصر مدخل | Occupational Diseases |
| التقسيم الفرعي العام | prevention & control |
| التقسيم الفرعي الجغرافي | United States. |
| 9 (RLIN) | 18343 |
| 700 1# - المدخل الاضافى - اسم شخصى | |
| الإسم الشخصى | Rieske, David W. |
| 9 (RLIN) | 18344 |
| 942 ## - عناصر المدخل الإضافي( كوها) | |
| مصدر التصنيف او مخطط الترفيف | Dewey Decimal Classification |
| Koha [default] item type | DVD |
| حالة الفقد | نموذج السعر الفعال | حالة تلف | ليس للاعارة | رقم الطلب | تاريخ الاكتساب | الموقع الحالي | الباركود | الفرع الرئيسي | Date last seen | نوع المادة فى نظام كوها | مصدر التصنيف او خطة الترفيف | Total Checkouts |
|---|---|---|---|---|---|---|---|---|---|---|---|---|
| 2013-03-10 | 613.62 ACI | 2012-12-24 | المكتبة المركزية بالمجمعة (CL) | 00401286 | المكتبة المركزية بالمجمعة (CL) | 2013-03-10 | كتاب | Dewey Decimal Classification | ||||
| 2013-03-10 | 613.62 ACI | 2012-12-24 | المكتبة المركزية بالمجمعة (CL) | 00401287 | المكتبة المركزية بالمجمعة (CL) | 2013-03-10 | كتاب | Dewey Decimal Classification | ||||
| 2013-03-10 | 613.62 ACI | 2013-01-05 | المكتبة المركزية بالمجمعة (CL) | 00401422 | المكتبة المركزية بالمجمعة (CL) | 2013-03-10 | كتاب | Dewey Decimal Classification |
